PET nie je smeť
Narastajúci objem plastových odpadov je celosvetovým problémom. Časť plastov, známu ako PET, je možné recyklovať. Výhody a nevýhody zálohovania PET fliaš. Z histórie výroby PET fliaš. Spracovanie - recyklácia PET fliaš. O použité PET fľaše je záujem nielen na Slovensku, ale hlavne v zahraničí. Správ...
Na minha lista:
| Formato: | Capítulo de Livro |
|---|---|
| Idioma: | eslovaco |
| Assuntos: | |
| Tags: |
Sem tags, seja o primeiro a adicionar uma tag!
|
MARC
| LEADER | 00000naa$a2200000$$$4500 | ||
|---|---|---|---|
| 001 | 0094525 | ||
| 005 | 20231109065720.6 | ||
| 041 | 0 | |a slo | |
| 044 | |a SK | ||
| 245 | 1 | 0 | |a PET nie je smeť |
| 520 | |a Narastajúci objem plastových odpadov je celosvetovým problémom. Časť plastov, známu ako PET, je možné recyklovať. Výhody a nevýhody zálohovania PET fliaš. Z histórie výroby PET fliaš. Spracovanie - recyklácia PET fliaš. O použité PET fľaše je záujem nielen na Slovensku, ale hlavne v zahraničí. Správna legislatíva by mala podporiť zber a recykláciu PET obalov. | ||
| 610 | 2 | 0 | |a priemysel plastov |
| 610 | 2 | 0 | |a odpad |
| 610 | 2 | 0 | |a vývoz |
| 610 | 2 | 0 | |a spracovanie odpadu |
| 610 | 2 | 0 | |a recyklácia odpadu |